Formula Random Race Winners - Statistics

General Stats
  • This quiz has been taken 73 times
  • The average score is 11 of 16
Answer Stats
Race Team Driver % Correct
2012 Chinese Grand Prix Mercedes Nico Rosberg
95%
2008 Italian Grand Prix Toro Rosso Sebastian Vettel
94%
2008 Singapore Grand Prix Renault Fernando Alonso
91%
2016 Spanish Grand Prix Red Bull Max Verstappen
91%
2008 Brazilian Grand Prix Ferrari Felipe Massa
88%
2012 Abu Dhabi Grand Prix Lotus Kimi Raikkonen
86%
1991 Brazilian Grand Prix McLaren Ayrton Senna
83%
2011 Canadian Grand Prix McLaren Jenson Button
83%
2009 German Grand Prix Red Bull Mark Webber
82%
1994 Adelaide Grand Prix Williams Nigel Mansell
62%
2004 Monaco Grand Prix Renault Jarno Trulli
54%
1996 Monaco Grand Prix Ligier Olivier Panis
51%
1992 Belgian Grand Prix Benetton Michael Schumacher
43%
2001 San Marino Grand Prix Williams Ralf Schumacher
38%
1976 Japanese Grand Prix Lotus-Ford Mario Andretti
37%
1971 Italian Grand Prix BRM Peter Gethin
17%
No matching quizzes found
Score Distribution
Percent of People with Each Score
Percentile by Number Answered
Your Score History
You have not taken this quiz